Mian Xiang : (Registro nro. 11410)

Detalles MARC
000 -LIDER
fixed length control field 01001nam a22003137a 4500
001 - NÚMERO DE CONTROL
Identificador de número de control 012456
003 - IDENTIFICACDOR DE NÚMERO DE CONTROL
control field DO-SdBNP
005 - DATE AND TIME OF LATEST TRANSACTION
control field 20171108124937.0
007 - CAMPOS FIJOS DE DESCRIPCIÓN FÍSICA
fixed length control field 012456
008 - ELEMENTOS DE LONGITUD FIJA
fixed length control field 160915b2008 mx |||| |||| 00| 0 spa d
020 ## - ISBN
International Standard Book Number 9707705803567
040 ## - FUENTE DE CATALOGACIÓN
Agencia que crea de manera original el registro BPMSU
Idioma de catalogación spa
Agencia que realiza la transcripción BPMSU
082 #4 - NÚMERO DE CLASIFICACIÓN DECIMAL DE DEWEY
Classification number 138
Item number K83L
100 1# - ASIENTO PRINCIPAL -- NOMBRE PERSONAL
Nombre personal Koppel, Mónica
245 10 - MENCIÓN DE TITULO
Título Mian Xiang :
Subtítulo el arte chino de la interpretación del rostro /
Mención de responsabilidad Mónica Koppel y Bruno Koppel
246 34 - VARIACION DEL TÍTULO
Título propiamente dicho o título corto Lectura del rostro Mian Xiang :
Subtítulo el arte chino de la interpretación del rostro
260 0# - PUBLICACIÓN, DISTRIBUCIÓN, ETC. (PIE DE IMPRENTA)
Lugar de publicación, distribución, etc México, D.F. :
Nombre del editor, distribuidor, etc. Alamah,
Fecha de publicación, distribución, etc 2008
300 ## - DESCRIPCIÓN FÍSICA
Extensión 257 p. ;
Otros detalles físicos il., gráficos
Dimensiones 23 cm.
490 1# - MENCIÓN DE SERIES
Mención de serie Tradiciones de oriente
650 #4 - ENCABEZAMIENTO DE MATERIA--TEMÁTICO
Término temático o nombre geográfico como elemento de entrada CARA
Subdivisión temática general ASPECTOS PSICOLÓGICOS
650 #4 - ENCABEZAMIENTO DE MATERIA--TEMÁTICO
Término temático o nombre geográfico como elemento de entrada EXPRESIÓN FACIAL
650 #4 - ENCABEZAMIENTO DE MATERIA--TEMÁTICO
Término temático o nombre geográfico como elemento de entrada FISIONOMIA
700 12 - ASIENTO SECUNDARIO -- NOMBRE PERSONAL
Nombre personal Koppel, Bruno
830 ## - ASIENTO SECUNDARIO DE SERIE--TÍTULO UNIFORME
Título uniforme Tradiciones de oriente
910 ## - VALIDACIÓN
Validación Validado. Control de calidad MFF
942 ## - ADDED ENTRY ELEMENTS (KOHA)
Source of classification or shelving scheme Dewey Decimal Classification
Koha item type Libros
945 ## - INFORMACIÓN DE PROCESAMIENTO LOCAL
Información de procesamiento local Inventariado, 2017/MFF
956 ## - LOCAL ELECTRONIC LOCATION AND ACCESS (OCLC)
Nombre de host VMATEO
Número de acceso 10
Información de compresión 20160915
Trayectoria BPMSU
Nombre Electrónico 0069
Existencias
Withdrawn status Lost status Source of classification or shelving scheme Damaged status Not for loan Collection code Home library Current library Date acquired Source of acquisition Total Checkouts Full call number Barcode Date last seen Price effective from Koha item type Copy number
    Dewey Decimal Classification     Colección General Biblioteca Pública Metropolitana Salomé Ureña Biblioteca Pública Metropolitana Salomé Ureña 09/15/2016 ALFAGUARA   138 K83L BPMSU16090346 09/15/2016 09/15/2016 Libros  
    Dewey Decimal Classification     Colección General Biblioteca Pública Metropolitana Salomé Ureña Biblioteca Pública Metropolitana Salomé Ureña 11/14/2016 ALFAGUARA   138 K83L BPMSU16111259 11/14/2016 11/14/2016 Libros e.2
    Dewey Decimal Classification     Colección General Biblioteca Pública Metropolitana Salomé Ureña Biblioteca Pública Metropolitana Salomé Ureña 11/14/2016 ALFAGUARA   138 K83L BPMSU16111260 11/14/2016 11/14/2016 Libros ej.3